| 000 | 00499nam a2200181Ia 4500 | ||
|---|---|---|---|
| 005 | 20250923144547.0 | ||
| 008 | 008 250917s9999 xx 000 0 eng d | ||
| 037 | _aReports | ||
| 040 |
_aDSWL _beng _cDSWL |
||
| 041 |
_aeng _2eng |
||
| 084 | _qDSWL | ||
| 100 |
_aPollack, O _9826115 |
||
| 245 | 0 |
_aSocial science & psychotherapy of children _cby O Pollack |
|
| 260 |
_aNew York _b Rusell Sage Foundation _c1952 |
||
| 300 | _a242 p. | ||
| 942 | _cREP | ||
| 999 |
_c1440508 _d1440508 |
||